000 00699nas a2200241 4500
001 BR9505566
003 BR-BrBNA
005 20231205094436.0
007 ta
008 230509b bl.|||p| |||| 00| 00por d
040 _aBR-BrBNA
_bpor
_cBiblioteca Nacional de Agricultura
041 _a(Pt)
072 _aL73; L74
100 1 _aJuly, J.R.
245 1 _aPrevencao e combate das doencas avicolas
650 _aAve Domestica
650 _aDoenca Animal
650 _aMortalidade Animal
650 _aDeficiencia Nutricional
773 0 _tAnuario Agricola e Avicola (Brazil)
_x
_g(Dec 1969), v. 60(720) p. 48-76
_wBR9505566
909 _a202311
_bLúcia
_c55
_dLúcia Elande
942 _2AGRIS
_n0
_cANA
999 _c144344
_d144344